000 00629nam a2200241Ia 4500
003 OSt
005 20220918203426.0
006 a|||||r|||| 00| 0
007 ta
008 220917b |||||||| |||| 00| 0 eng d
024 _a108,210
037 _cTextual
040 _aARTS
_cARTS
_beng
041 _2eng
_aeng
082 _aV44Q7y7M76, L8
100 _aPirzada S S
_9108517
245 0 _aSome aspects of Quaid I Azam's life
260 _aIslamabad
_bNCHCR
_c1978
300 _avii, 90p.
_ccm.
650 _aHISTORY
942 _hV44Q7y7M76, L8
_cTEXL
_2CC
999 _c231564
_d231564